| 000 | 00569nam a22001697a 4500 | ||
|---|---|---|---|
| 003 | OSt | ||
| 005 | 20260305104529.0 | ||
| 008 | 260305b |||||||| |||| 00| 0 eng d | ||
| 040 | _cMRSPTU | ||
| 041 | _aEnglish | ||
| 100 | _aRamanjot Kaur, Supervisor: Dr. Sanjiv Kumar Aggarwal | ||
| 245 | _aStudy on Stabilization of Clayey Soil With Low Density Polyethylene Waste Plastic Powder | ||
| 260 |
_bDepartment of Civil Engg. MRSPTU, Bathinda _c2018 |
||
| 650 | _aCivil Engineering | ||
| 856 | _uhttp://163.47.215.52:8080/jspui/handle/123456789/273 | ||
| 942 |
_2ddc _cTH _n0 |
||
| 999 |
_c11067 _d11067 |
||